[Event "Deutsche Ländermeisterschaft 2025"]
[Site "Oer-Erkenschwick GER"]
[Date "2025.10.05"]
[Round "7"]
[White "Gusev, Daniil"]
[Black "Werner, Rosalie"]
[Result "1-0"]
[Termination "normal"]
[Board "3.5"]
[WhiteElo "1964"]
[BlackElo "1953"]
[WhiteClock "00:09:05"]
[BlackClock "00:00:57"]
[WhiteTeam "Baden"]
[BlackTeam "Hessen"]
[PlyCount "125"]
[WhiteFideId "55683886"]
[BlackFideId "16223748"]
[EventCountry "GER"]
[EventRounds "7"]
[EventType "team-swiss"]
[EventDate "2025.09.30"]

1. e4 {[%clk 01:30:58]} {[%emt 00:00:01]} e6 {[%clk 01:30:54]} {[%emt
00:00:06]} 2. d4 {[%clk 01:31:26]} {[%emt 00:00:02]} d5 {[%clk 01:31:19]}
{[%emt 00:00:06]} 3. Nc3 {[%clk 01:31:53]} {[%emt 00:00:03]} Nf6 {[%clk
01:31:43]} {[%emt 00:00:06]} 4. e5 {[%clk 01:32:20]} {[%emt 00:00:03]} Nfd7
{[%clk 01:32:07]} {[%emt 00:00:05]} 5. Nce2 {[%clk 01:32:48]} {[%emt 00:00:03]}
c5 {[%clk 01:32:23]} {[%emt 00:00:14]} 6. c3 {[%clk 01:33:07]} {[%emt
00:00:10]} Nc6 {[%clk 01:31:51]} {[%emt 00:01:02]} 7. Nf3 {[%clk 01:33:31]}
{[%emt 00:00:06]} b5 {[%clk 01:27:44]} {[%emt 00:04:38]} 8. a3 {[%clk
01:33:49]} {[%emt 00:00:11]} Qb6 {[%clk 01:18:52]} {[%emt 00:09:22]} 9. Nf4
{[%clk 01:28:06]} {[%emt 00:06:12]} cxd4 {[%clk 01:13:29]} {[%emt 00:05:54]}
10. cxd4 {[%clk 01:27:55]} {[%emt 00:00:41]} b4 {[%clk 01:10:02]} {[%emt
00:03:57]} 11. Bd3 {[%clk 01:16:01]} {[%emt 00:12:24]} Ba6 {[%clk 01:00:35]}
{[%emt 00:09:57]} 12. O-O {[%clk 01:14:08]} {[%emt 00:02:22]} Bxd3 {[%clk
00:52:56]} {[%emt 00:08:08]} 13. Qxd3 {[%clk 01:13:10]} {[%emt 00:01:29]} Be7
{[%clk 00:51:57]} {[%emt 00:01:29]} 14. Bd2 {[%clk 00:56:43]} {[%emt 00:16:58]}
O-O {[%clk 00:48:14]} {[%emt 00:04:12]} 15. axb4 {[%clk 00:53:39]} {[%emt
00:03:35]} Nxb4 {[%clk 00:47:14]} {[%emt 00:01:29]} 16. Bxb4 {[%clk 00:52:59]}
{[%emt 00:01:09]} Qxb4 {[%clk 00:47:23]} {[%emt 00:00:21]} 17. Ra6 {[%clk
00:47:14]} {[%emt 00:06:15]} Rfb8 {[%clk 00:39:13]} {[%emt 00:08:39]} 18. Qe3
{[%clk 00:40:09]} {[%emt 00:07:36]} Qb3 {[%clk 00:31:35]} {[%emt 00:08:07]} 19.
Rc1 {[%clk 00:31:23]} {[%emt 00:09:16]} Qb7 {[%clk 00:24:49]} {[%emt 00:07:16]}
20. Rac6 {[%clk 00:24:29]} {[%emt 00:07:24]} Rc8 {[%clk 00:24:10]} {[%emt
00:01:09]} 21. Qc3 {[%clk 00:23:15]} {[%emt 00:01:44]} Nb6 {[%clk 00:23:20]}
{[%emt 00:01:20]} 22. Rc7 {[%clk 00:21:04]} {[%emt 00:02:42]} Rxc7 {[%clk
00:21:51]} {[%emt 00:01:59]} 23. Qxc7 {[%clk 00:21:21]} {[%emt 00:00:12]} Qxc7
{[%clk 00:21:40]} {[%emt 00:00:41]} 24. Rxc7 {[%clk 00:21:40]} {[%emt
00:00:11]} Bd8 {[%clk 00:21:52]} {[%emt 00:00:17]} 25. Rb7 {[%clk 00:20:47]}
{[%emt 00:01:23]} a5 {[%clk 00:14:42]} {[%emt 00:07:41]} 26. Nd3 {[%clk
00:19:26]} {[%emt 00:01:51]} a4 {[%clk 00:08:37]} {[%emt 00:06:35]} 27. Nd2
{[%clk 00:16:46]} {[%emt 00:03:09]} Kf8 {[%clk 00:04:35]} {[%emt 00:04:31]} 28.
Nc5 {[%clk 00:14:46]} {[%emt 00:02:31]} Ke8 {[%clk 00:03:47]} {[%emt 00:01:18]}
29. Kf1 {[%clk 00:09:45]} {[%emt 00:05:31]} Nc8 {[%clk 00:01:34]} {[%emt
00:02:44]} 30. Nb1 {[%clk 00:07:02]} {[%emt 00:03:13]} Ne7 {[%clk 00:00:49]}
{[%emt 00:01:14]} 31. Na3 {[%clk 00:07:18]} {[%emt 00:00:14]} Nc6 {[%clk
00:00:53]} {[%emt 00:00:25]} 32. Nb5 {[%clk 00:07:37]} {[%emt 00:00:12]} Kf8
{[%clk 00:00:56]} {[%emt 00:00:28]} 33. Ke2 {[%clk 00:04:52]} {[%emt 00:03:14]}
Na5 {[%clk 00:00:35]} {[%emt 00:00:51]} 34. Ra7 {[%clk 00:05:06]} {[%emt
00:00:16]} Rxa7 {[%clk 00:00:32]} {[%emt 00:00:33]} 35. Nxa7 {[%clk 00:05:29]}
{[%emt 00:00:07]} Nb3 {[%clk 00:00:34]} {[%emt 00:00:28]} 36. Nxb3 {[%clk
00:05:15]} {[%emt 00:00:45]} axb3 {[%clk 00:00:58]} {[%emt 00:00:05]} 37. Kd3
{[%clk 00:05:09]} {[%emt 00:00:36]} Bb6 {[%clk 00:00:39]} {[%emt 00:00:48]} 38.
Nc6 {[%clk 00:03:22]} {[%emt 00:02:17]} Ke8 {[%clk 00:00:48]} {[%emt 00:00:21]}
39. Kc3 {[%clk 00:03:27]} {[%emt 00:00:25]} Kd7 {[%clk 00:01:03]} {[%emt
00:00:16]} 40. Nb4 {[%clk 00:03:11]} {[%emt 00:00:45]} Kc7 {[%clk 00:00:37]}
{[%emt 00:00:56]} 41. Nd3 {[%clk 00:02:30]} {[%emt 00:01:11]} Kc6 {[%clk
00:24:58]} {[%emt 00:06:08]} 42. Nc1 {[%clk 00:31:04]} {[%emt 00:01:56]} Kb5
{[%clk 00:23:57]} {[%emt 00:01:31]} 43. Nxb3 {[%clk 00:31:05]} {[%emt
00:00:30]} Bc7 {[%clk 00:18:22]} {[%emt 00:06:04]} 44. Kd3 {[%clk 00:21:01]}
{[%emt 00:10:34]} Bb6 {[%clk 00:18:07]} {[%emt 00:00:45]} 45. f4 {[%clk
00:19:01]} {[%emt 00:02:29]} g6 {[%clk 00:17:01]} {[%emt 00:01:36]} 46. g4
{[%clk 00:16:05]} {[%emt 00:03:26]} Kb4 {[%clk 00:11:18]} {[%emt 00:06:13]} 47.
Nd2 {[%clk 00:16:28]} {[%emt 00:00:07]} h6 {[%clk 00:11:00]} {[%emt 00:00:47]}
48. Nf1 {[%clk 00:15:26]} {[%emt 00:01:32]} Bd8 {[%clk 00:05:38]} {[%emt
00:05:52]} 49. f5 {[%clk 00:15:04]} {[%emt 00:00:52]} Bg5 {[%clk 00:03:54]}
{[%emt 00:02:14]} 50. fxe6 {[%clk 00:14:41]} {[%emt 00:00:54]} fxe6 {[%clk
00:04:18]} {[%emt 00:00:06]} 51. Ng3 {[%clk 00:15:02]} {[%emt 00:00:09]} Bf4
{[%clk 00:04:06]} {[%emt 00:00:41]} 52. Ne2 {[%clk 00:07:01]} {[%emt 00:08:31]}
Bxh2 {[%clk 00:04:08]} {[%emt 00:00:28]} 53. Ke3 {[%clk 00:07:23]} {[%emt
00:00:08]} g5 {[%clk 00:04:13]} {[%emt 00:00:25]} 54. Kd3 {[%clk 00:07:21]}
{[%emt 00:00:32]} Kb3 {[%clk 00:04:13]} {[%emt 00:00:30]} 55. Nc3 {[%clk
00:07:44]} {[%emt 00:00:07]} Kb4 {[%clk 00:01:58]} {[%emt 00:02:45]} 56. b3
{[%clk 00:07:45]} {[%emt 00:00:29]} Bf4 {[%clk 00:00:38]} {[%emt 00:01:50]} 57.
Na4 {[%clk 00:07:50]} {[%emt 00:00:25]} h5 {[%clk 00:00:34]} {[%emt 00:00:34]}
58. gxh5 {[%clk 00:08:03]} {[%emt 00:00:17]} g4 {[%clk 00:00:56]} {[%emt
00:00:08]} 59. Ke2 {[%clk 00:08:19]} {[%emt 00:00:14]} Kb5 {[%clk 00:00:45]}
{[%emt 00:00:41]} 60. Nc5 {[%clk 00:08:08]} {[%emt 00:00:42]} g3 {[%clk
00:00:50]} {[%emt 00:00:25]} 61. Kf3 {[%clk 00:08:18]} {[%emt 00:00:20]} Bxe5
{[%clk 00:00:33]} {[%emt 00:00:47]} 62. dxe5 {[%clk 00:08:37]} {[%emt
00:00:11]} Kxc5 {[%clk 00:00:57]} {[%emt 00:00:05]} 63. h6 {[%clk 00:09:05]}
{[%emt 00:00:02]} 1-0

[Event "Deutsche Ländermeisterschaft 2025"]
[Site "Oer-Erkenschwick GER"]
[Date "2025.10.05"]
[Round "7"]
[White "Gao, Chenzhuo"]
[Black "Färber, Anna"]
[Result "1-0"]
[Termination "normal"]
[Board "3.6"]
[WhiteElo "1848"]
[BlackElo "1780"]
[WhiteClock "00:20:16"]
[BlackClock "00:34:02"]
[WhiteTeam "Hessen"]
[BlackTeam "Baden"]
[PlyCount "115"]
[WhiteFideId "34668608"]
[BlackFideId "34633480"]
[EventCountry "GER"]
[EventRounds "7"]
[EventType "team-swiss"]
[EventDate "2025.09.30"]

1. d4 {[%clk 01:30:48]} {[%emt 00:00:12]} d5 {[%clk 01:30:53]} {[%emt
00:00:07]} 2. c4 {[%clk 01:30:11]} {[%emt 00:01:07]} e6 {[%clk 01:31:00]}
{[%emt 00:00:23]} 3. Nc3 {[%clk 01:30:36]} {[%emt 00:00:06]} Nf6 {[%clk
01:31:18]} {[%emt 00:00:12]} 4. cxd5 {[%clk 01:30:56]} {[%emt 00:00:10]} exd5
{[%clk 01:31:43]} {[%emt 00:00:05]} 5. Bg5 {[%clk 01:30:46]} {[%emt 00:00:41]}
Be7 {[%clk 01:31:33]} {[%emt 00:00:39]} 6. e3 {[%clk 01:30:36]} {[%emt
00:00:40]} O-O {[%clk 01:29:53]} {[%emt 00:02:10]} 7. Bd3 {[%clk 01:30:15]}
{[%emt 00:00:52]} c6 {[%clk 01:29:48]} {[%emt 00:00:34]} 8. Nf3 {[%clk
01:30:12]} {[%emt 00:00:34]} Nbd7 {[%clk 01:28:53]} {[%emt 00:01:25]} 9. O-O
{[%clk 01:30:18]} {[%emt 00:00:24]} Re8 {[%clk 01:27:57]} {[%emt 00:01:25]} 10.
Qc2 {[%clk 01:28:34]} {[%emt 00:02:15]} h6 {[%clk 01:27:06]} {[%emt 00:01:21]}
11. Bh4 {[%clk 01:28:43]} {[%emt 00:00:21]} Nh5 {[%clk 01:21:02]} {[%emt
00:06:34]} 12. Bxe7 {[%clk 01:28:00]} {[%emt 00:01:13]} Qxe7 {[%clk 01:21:23]}
{[%emt 00:00:09]} 13. Rab1 {[%clk 01:24:20]} {[%emt 00:04:10]} a6 {[%clk
01:15:08]} {[%emt 00:06:45]} 14. Na4 {[%clk 01:18:22]} {[%emt 00:06:29]} Nhf6
{[%clk 01:11:56]} {[%emt 00:03:42]} 15. Nc5 {[%clk 01:11:43]} {[%emt 00:07:10]}
Ne4 {[%clk 01:08:27]} {[%emt 00:03:59]} 16. Rfc1 {[%clk 01:11:10]} {[%emt
00:01:01]} Ndxc5 {[%clk 01:00:05]} {[%emt 00:08:53]} 17. dxc5 {[%clk 01:11:21]}
{[%emt 00:00:20]} Qf6 {[%clk 00:57:39]} {[%emt 00:02:55]} 18. b4 {[%clk
01:07:28]} {[%emt 00:04:24]} Bg4 {[%clk 00:51:32]} {[%emt 00:06:37]} 19. Nd4
{[%clk 01:06:12]} {[%emt 00:01:46]} Qg5 {[%clk 00:49:54]} {[%emt 00:02:09]} 20.
Bf1 {[%clk 00:59:31]} {[%emt 00:07:11]} Bd7 {[%clk 00:36:19]} {[%emt 00:14:03]}
21. a4 {[%clk 00:55:05]} {[%emt 00:04:56]} Nf6 {[%clk 00:33:36]} {[%emt
00:03:12]} 22. Nf3 {[%clk 00:50:06]} {[%emt 00:05:30]} Qh5 {[%clk 00:31:01]}
{[%emt 00:03:05]} 23. Rb2 {[%clk 00:44:37]} {[%emt 00:06:00]} Ne4 {[%clk
00:25:52]} {[%emt 00:05:39]} 24. b5 {[%clk 00:38:35]} {[%emt 00:06:31]} axb5
{[%clk 00:24:40]} {[%emt 00:01:42]} 25. axb5 {[%clk 00:38:44]} {[%emt
00:00:21]} Re6 {[%clk 00:22:09]} {[%emt 00:02:58]} 26. Nd4 {[%clk 00:34:08]}
{[%emt 00:05:09]} Rg6 {[%clk 00:18:26]} {[%emt 00:04:13]} 27. Qe2 {[%clk
00:33:20]} {[%emt 00:01:18]} Qg5 {[%clk 00:16:47]} {[%emt 00:02:08]} 28. bxc6
{[%clk 00:28:47]} {[%emt 00:05:04]} Bxc6 {[%clk 00:16:35]} {[%emt 00:00:42]}
29. f3 {[%clk 00:27:00]} {[%emt 00:02:18]} Nf6 {[%clk 00:16:12]} {[%emt
00:00:52]} 30. f4 {[%clk 00:26:35]} {[%emt 00:00:55]} Qg4 {[%clk 00:15:15]}
{[%emt 00:01:26]} 31. Rcb1 {[%clk 00:19:53]} {[%emt 00:07:13]} Re8 {[%clk
00:12:57]} {[%emt 00:02:46]} 32. Nxc6 {[%clk 00:18:37]} {[%emt 00:01:48]} bxc6
{[%clk 00:13:13]} {[%emt 00:00:14]} 33. Rb8 {[%clk 00:17:28]} {[%emt 00:01:40]}
Kf8 {[%clk 00:10:46]} {[%emt 00:02:57]} 34. Rxe8+ {[%clk 00:13:56]} {[%emt
00:04:02]} Nxe8 {[%clk 00:10:44]} {[%emt 00:00:31]} 35. Qxg4 {[%clk 00:12:43]}
{[%emt 00:01:44]} Rxg4 {[%clk 00:11:09]} {[%emt 00:00:05]} 36. Bd3 {[%clk
00:12:25]} {[%emt 00:00:45]} d4 {[%clk 00:08:12]} {[%emt 00:03:30]} 37. g3
{[%clk 00:09:48]} {[%emt 00:03:07]} dxe3 {[%clk 00:04:51]} {[%emt 00:03:51]}
38. Kg2 {[%clk 00:08:40]} {[%emt 00:01:38]} e2 {[%clk 00:04:17]} {[%emt
00:01:03]} 39. h3 {[%clk 00:07:28]} {[%emt 00:01:43]} Rg6 {[%clk 00:04:42]}
{[%emt 00:00:05]} 40. Bxg6 {[%clk 00:07:55]} {[%emt 00:00:04]} fxg6 {[%clk
00:05:07]} {[%emt 00:00:04]} 41. Re1 {[%clk 00:07:10]} {[%emt 00:01:15]} Ke7
{[%clk 00:05:23]} {[%emt 00:00:14]} 42. Rxe2+ {[%clk 00:07:35]} {[%emt
00:00:05]} Kd7 {[%clk 00:05:49]} {[%emt 00:00:03]} 43. Kf3 {[%clk 00:07:16]}
{[%emt 00:00:50]} Nc7 {[%clk 00:05:50]} {[%emt 00:00:28]} 44. Rd2+ {[%clk
00:07:10]} {[%emt 00:00:37]} Nd5 {[%clk 00:06:07]} {[%emt 00:00:13]} 45. g4
{[%clk 00:05:46]} {[%emt 00:01:54]} Ke6 {[%clk 00:06:09]} {[%emt 00:00:27]} 46.
h4 {[%clk 00:03:44]} {[%emt 00:02:33]} h5 {[%clk 00:05:19]} {[%emt 00:01:20]}
47. Re2+ {[%clk 00:03:16]} {[%emt 00:00:59]} Kf6 {[%clk 00:05:18]} {[%emt
00:00:30]} 48. Re5 {[%clk 00:29:46]} {[%emt 00:03:59]} hxg4+ {[%clk 00:34:46]}
{[%emt 00:01:04]} 49. Kxg4 {[%clk 00:29:55]} {[%emt 00:00:21]} Ne7 {[%clk
00:34:47]} {[%emt 00:00:29]} 50. Re3 {[%clk 00:24:54]} {[%emt 00:05:31]} Nd5
{[%clk 00:33:18]} {[%emt 00:01:59]} 51. Rb3 {[%clk 00:24:55]} {[%emt 00:00:28]}
Ne7 {[%clk 00:31:40]} {[%emt 00:02:08]} 52. Rb6 {[%clk 00:20:42]} {[%emt
00:04:44]} Kf7 {[%clk 00:32:03]} {[%emt 00:00:07]} 53. Kg5 {[%clk 00:20:29]}
{[%emt 00:00:43]} Kf8 {[%clk 00:32:19]} {[%emt 00:00:13]} 54. Rb8+ {[%clk
00:20:23]} {[%emt 00:00:36]} Kf7 {[%clk 00:32:44]} {[%emt 00:00:05]} 55. Rb7
{[%clk 00:20:13]} {[%emt 00:00:41]} Kf8 {[%clk 00:33:10]} {[%emt 00:00:04]} 56.
Rxe7 {[%clk 00:19:39]} {[%emt 00:01:04]} Kxe7 {[%clk 00:33:35]} {[%emt
00:00:04]} 57. Kxg6 {[%clk 00:20:00]} {[%emt 00:00:09]} Kf8 {[%clk 00:34:02]}
{[%emt 00:00:03]} 58. f5 {[%clk 00:20:16]} {[%emt 00:00:15]} 1-0

[Event "Deutsche Ländermeisterschaft 2025"]
[Site "Oer-Erkenschwick GER"]
[Date "2025.10.05"]
[Round "7"]
[White "Wettstein, Levin"]
[Black "Dedic, Sajra"]
[Result "1-0"]
[Termination "normal"]
[Board "3.7"]
[WhiteElo "1831"]
[BlackElo "1625"]
[WhiteClock "01:21:36"]
[BlackClock "00:44:57"]
[WhiteTeam "Baden"]
[BlackTeam "Hessen"]
[PlyCount "55"]
[WhiteFideId "34635866"]
[BlackFideId "14422794"]
[EventCountry "GER"]
[EventRounds "7"]
[EventType "team-swiss"]
[EventDate "2025.09.30"]

1. e4 {[%clk 01:30:57]} {[%emt 00:00:02]} d6 {[%clk 01:30:57]} {[%emt
00:00:03]} 2. Nc3 {[%clk 01:31:22]} {[%emt 00:00:05]} Nf6 {[%clk 01:31:15]}
{[%emt 00:00:13]} 3. d4 {[%clk 01:31:47]} {[%emt 00:00:05]} e5 {[%clk
01:31:40]} {[%emt 00:00:05]} 4. Nge2 {[%clk 01:32:12]} {[%emt 00:00:05]} exd4
{[%clk 01:31:56]} {[%emt 00:00:14]} 5. Nxd4 {[%clk 01:32:36]} {[%emt 00:00:06]}
Be7 {[%clk 01:32:21]} {[%emt 00:00:05]} 6. Bf4 {[%clk 01:33:01]} {[%emt
00:00:05]} O-O {[%clk 01:32:41]} {[%emt 00:00:10]} 7. Qd2 {[%clk 01:33:24]}
{[%emt 00:00:07]} Nc6 {[%clk 01:33:02]} {[%emt 00:00:08]} 8. O-O-O {[%clk
01:33:38]} {[%emt 00:00:16]} Nxd4 {[%clk 01:33:26]} {[%emt 00:00:07]} 9. Qxd4
{[%clk 01:34:01]} {[%emt 00:00:07]} Be6 {[%clk 01:33:45]} {[%emt 00:00:11]} 10.
f3 {[%clk 01:33:12]} {[%emt 00:01:19]} c5 {[%clk 01:33:03]} {[%emt 00:01:12]}
11. Qd2 {[%clk 01:33:00]} {[%emt 00:00:42]} Qa5 {[%clk 01:32:43]} {[%emt
00:00:51]} 12. Kb1 {[%clk 01:32:41]} {[%emt 00:00:48]} a6 {[%clk 01:31:50]}
{[%emt 00:01:23]} 13. Nd5 {[%clk 01:29:26]} {[%emt 00:03:44]} Nxd5 {[%clk
01:11:07]} {[%emt 00:21:13]} 14. Qxa5 {[%clk 01:29:29]} {[%emt 00:00:27]} Nxf4
{[%clk 01:11:32]} {[%emt 00:00:05]} 15. g3 {[%clk 01:28:47]} {[%emt 00:01:12]}
Ng6 {[%clk 01:11:52]} {[%emt 00:00:10]} 16. h4 {[%clk 01:27:56]} {[%emt
00:01:22]} f5 {[%clk 01:07:48]} {[%emt 00:04:34]} 17. exf5 {[%clk 01:25:34]}
{[%emt 00:02:52]} Rxf5 {[%clk 01:07:05]} {[%emt 00:01:13]} 18. Bh3 {[%clk
01:25:22]} {[%emt 00:00:42]} Rf6 {[%clk 01:05:53]} {[%emt 00:01:42]} 19. Bxe6+
{[%clk 01:25:27]} {[%emt 00:00:27]} Rxe6 {[%clk 01:06:18]} {[%emt 00:00:05]}
20. f4 {[%clk 01:24:23]} {[%emt 00:01:34]} Rf8 {[%clk 01:00:25]} {[%emt
00:06:23]} 21. h5 {[%clk 01:24:15]} {[%emt 00:00:38]} Nh8 {[%clk 01:00:35]}
{[%emt 00:00:20]} 22. Rde1 {[%clk 01:23:46]} {[%emt 00:00:58]} Bd8 {[%clk
00:59:35]} {[%emt 00:01:30]} 23. Qa4 {[%clk 01:23:19]} {[%emt 00:00:57]} Ref6
{[%clk 00:58:36]} {[%emt 00:01:29]} 24. Re8 {[%clk 01:21:48]} {[%emt 00:02:00]}
R6f7 {[%clk 00:47:17]} {[%emt 00:11:49]} 25. Rxf8+ {[%clk 01:21:03]} {[%emt
00:01:16]} Kxf8 {[%clk 00:46:58]} {[%emt 00:00:49]} 26. Re1 {[%clk 01:21:12]}
{[%emt 00:00:21]} Be7 {[%clk 00:46:05]} {[%emt 00:01:22]} 27. Qd7 {[%clk
01:21:14]} {[%emt 00:00:29]} g6 {[%clk 00:44:57]} {[%emt 00:01:38]} 28. h6
{[%clk 01:21:36]} {[%emt 00:00:08]} 1-0

[Event "Deutsche Ländermeisterschaft 2025"]
[Site "Oer-Erkenschwick GER"]
[Date "2025.10.05"]
[Round "7"]
[White "Huang, Flora Yueya"]
[Black "Kübart, Ela Marie"]
[Result "1-0"]
[Termination "normal"]
[Board "3.8"]
[WhiteElo "1750"]
[BlackElo "1628"]
[WhiteClock "00:53:11"]
[BlackClock "00:50:21"]
[WhiteTeam "Hessen"]
[BlackTeam "Baden"]
[PlyCount "109"]
[WhiteFideId "533015651"]
[BlackFideId "34633723"]
[EventCountry "GER"]
[EventRounds "7"]
[EventType "team-swiss"]
[EventDate "2025.09.30"]

1. d4 {[%clk 01:30:58]} {[%emt 00:00:01]} f5 {[%clk 01:30:55]} {[%emt
00:00:05]} 2. c4 {[%clk 01:31:18]} {[%emt 00:00:10]} e6 {[%clk 01:31:20]}
{[%emt 00:00:05]} 3. a3 {[%clk 01:31:44]} {[%emt 00:00:05]} Nf6 {[%clk
01:31:38]} {[%emt 00:00:12]} 4. Nc3 {[%clk 01:32:09]} {[%emt 00:00:05]} c6
{[%clk 01:31:47]} {[%emt 00:00:21]} 5. Bf4 {[%clk 01:32:29]} {[%emt 00:00:10]}
d5 {[%clk 01:31:46]} {[%emt 00:00:31]} 6. e3 {[%clk 01:32:45]} {[%emt
00:00:14]} Bd6 {[%clk 01:31:47]} {[%emt 00:00:29]} 7. Bxd6 {[%clk 01:33:04]}
{[%emt 00:00:11]} Qxd6 {[%clk 01:32:08]} {[%emt 00:00:08]} 8. Nf3 {[%clk
01:33:23]} {[%emt 00:00:11]} Nbd7 {[%clk 01:32:15]} {[%emt 00:00:23]} 9. Be2
{[%clk 01:33:20]} {[%emt 00:00:33]} O-O {[%clk 01:32:25]} {[%emt 00:00:19]} 10.
O-O {[%clk 01:33:25]} {[%emt 00:00:26]} Ne4 {[%clk 01:32:35]} {[%emt 00:00:20]}
11. Qc2 {[%clk 01:33:02]} {[%emt 00:00:53]} Rf6 {[%clk 01:29:16]} {[%emt
00:03:45]} 12. Rfe1 {[%clk 01:31:40]} {[%emt 00:01:55]} Rh6 {[%clk 01:29:05]}
{[%emt 00:00:40]} 13. h3 {[%clk 01:29:50]} {[%emt 00:02:22]} Ndf6 {[%clk
01:28:47]} {[%emt 00:00:45]} 14. c5 {[%clk 01:29:30]} {[%emt 00:00:52]} Qc7
{[%clk 01:28:38]} {[%emt 00:00:35]} 15. Ne5 {[%clk 01:29:15]} {[%emt 00:00:47]}
Nd7 {[%clk 01:27:40]} {[%emt 00:01:23]} 16. Nf3 {[%clk 01:22:24]} {[%emt
00:07:27]} Ndf6 {[%clk 01:27:52]} {[%emt 00:00:19]} 17. Bd3 {[%clk 01:21:42]}
{[%emt 00:01:12]} Bd7 {[%clk 01:26:48]} {[%emt 00:01:32]} 18. b4 {[%clk
01:21:43]} {[%emt 00:00:30]} Nxc3 {[%clk 01:25:43]} {[%emt 00:01:34]} 19. Qxc3
{[%clk 01:21:53]} {[%emt 00:00:20]} Ne4 {[%clk 01:26:05]} {[%emt 00:00:08]} 20.
Qc2 {[%clk 01:21:32]} {[%emt 00:00:51]} a6 {[%clk 01:23:14]} {[%emt 00:03:20]}
21. a4 {[%clk 01:19:16]} {[%emt 00:02:46]} Qd8 {[%clk 01:22:13]} {[%emt
00:01:30]} 22. Rab1 {[%clk 01:11:29]} {[%emt 00:08:18]} Be8 {[%clk 01:20:30]}
{[%emt 00:02:13]} 23. b5 {[%clk 01:06:36]} {[%emt 00:05:24]} axb5 {[%clk
01:20:23]} {[%emt 00:00:37]} 24. axb5 {[%clk 01:07:02]} {[%emt 00:00:04]} Qa5
{[%clk 01:13:51]} {[%emt 00:06:57]} 25. bxc6 {[%clk 01:00:20]} {[%emt
00:07:17]} bxc6 {[%clk 01:14:03]} {[%emt 00:00:17]} 26. Qb2 {[%clk 00:58:25]}
{[%emt 00:02:17]} Qa2 {[%clk 01:07:25]} {[%emt 00:07:12]} 27. Qxa2 {[%clk
00:58:33]} {[%emt 00:00:25]} Rxa2 {[%clk 01:07:43]} {[%emt 00:00:12]} 28. Bxe4
{[%clk 00:58:46]} {[%emt 00:00:17]} fxe4 {[%clk 01:07:43]} {[%emt 00:00:30]}
29. Ne5 {[%clk 00:58:55]} {[%emt 00:00:21]} Ra8 {[%clk 01:06:30]} {[%emt
00:01:42]} 30. Rb6 {[%clk 00:58:46]} {[%emt 00:00:38]} Rf6 {[%clk 01:05:16]}
{[%emt 00:01:44]} 31. Nxc6 {[%clk 00:57:17]} {[%emt 00:02:01]} Bxc6 {[%clk
01:05:12]} {[%emt 00:00:34]} 32. Rxc6 {[%clk 00:57:39]} {[%emt 00:00:07]} Raf8
{[%clk 01:04:44]} {[%emt 00:00:59]} 33. Rf1 {[%clk 00:57:43]} {[%emt 00:00:26]}
h6 {[%clk 01:04:43]} {[%emt 00:00:33]} 34. Rb6 {[%clk 00:58:03]} {[%emt
00:00:10]} Rc8 {[%clk 01:04:42]} {[%emt 00:00:27]} 35. Ra1 {[%clk 00:58:19]}
{[%emt 00:00:17]} e5 {[%clk 01:04:03]} {[%emt 00:01:11]} 36. Raa6 {[%clk
00:58:19]} {[%emt 00:00:30]} exd4 {[%clk 01:02:48]} {[%emt 00:01:45]} 37. Rxf6
{[%clk 00:58:17]} {[%emt 00:00:32]} gxf6 {[%clk 01:03:16]} {[%emt 00:00:01]}
38. exd4 {[%clk 00:58:38]} {[%emt 00:00:09]} Rb8 {[%clk 00:59:49]} {[%emt
00:03:55]} 39. Rd6 {[%clk 00:58:21]} {[%emt 00:00:49]} Kg7 {[%clk 00:59:50]}
{[%emt 00:00:29]} 40. Rxd5 {[%clk 00:58:42]} {[%emt 00:00:09]} Kg6 {[%clk
00:59:51]} {[%emt 00:00:28]} 41. c6 {[%clk 00:58:55]} {[%emt 00:00:18]} Rc8
{[%clk 00:59:23]} {[%emt 00:00:57]} 42. Rc5 {[%clk 00:59:16]} {[%emt 00:00:10]}
Kf7 {[%clk 00:59:21]} {[%emt 00:00:29]} 43. d5 {[%clk 00:59:19]} {[%emt
00:00:29]} Ke7 {[%clk 00:59:17]} {[%emt 00:00:34]} 44. Rc4 {[%clk 00:57:55]}
{[%emt 00:01:56]} f5 {[%clk 00:59:05]} {[%emt 00:00:39]} 45. Kf1 {[%clk
00:57:42]} {[%emt 00:00:46]} Kd6 {[%clk 00:59:18]} {[%emt 00:00:16]} 46. Rd4
{[%clk 00:58:02]} {[%emt 00:00:08]} Ke5 {[%clk 00:58:00]} {[%emt 00:01:52]} 47.
Rd2 {[%clk 00:58:20]} {[%emt 00:00:11]} Kd6 {[%clk 00:55:34]} {[%emt 00:02:56]}
48. Ke2 {[%clk 00:58:42]} {[%emt 00:00:09]} f4 {[%clk 00:52:39]} {[%emt
00:03:24]} 49. Rd4 {[%clk 00:58:27]} {[%emt 00:00:45]} Ke5 {[%clk 00:52:10]}
{[%emt 00:01:00]} 50. d6 {[%clk 00:51:46]} {[%emt 00:07:11]} Kxd4 {[%clk
00:51:26]} {[%emt 00:01:13]} 51. c7 {[%clk 00:52:07]} {[%emt 00:00:10]} Ra8
{[%clk 00:51:15]} {[%emt 00:00:40]} 52. d7 {[%clk 00:52:28]} {[%emt 00:00:10]}
Ra2+ {[%clk 00:50:57]} {[%emt 00:00:47]} 53. Kd1 {[%clk 00:52:47]} {[%emt
00:00:10]} Ra1+ {[%clk 00:50:38]} {[%emt 00:00:49]} 54. Kc2 {[%clk 00:53:07]}
{[%emt 00:00:10]} Ra2+ {[%clk 00:50:21]} {[%emt 00:00:46]} 55. Kb3 {[%clk
00:53:11]} {[%emt 00:00:26]} 1-0